000 01180nam a2200277 4500
001 78314
003 BD-RjUL
005 20211209083121.0
008 210908s2005 qa ||||| |||| 001 0 ara d
020 _a977277864
035 _a(BD-RjUL)78540
040 _aBD-RjUL
_beng
_cBD-RjUL
041 _aara
082 _223
_a492.75
_bIBM 20056
100 _a ابن هشام، عبد الله بن يوسف بن أحمد ;; Ibn Hisham, Abdullah bin Yusuf bin Ahmed, ،
_d 1309-1360
_9247515
245 1 0 _aمغني اللبيب عن كتب الأعاريب ;; Mughnī al-labīb ʻan kutub al-aʻārīb,/
_cجمال الدين عبد الله بن يوسف بن أحمد ابن هشام الأنصاري;; Jamal Al-Din Abdullah bin Yusuf bin Ahmed bin Hisham Al-Ansari
264 _aأل قاهرة :
_bدار الطلائع ,
_c2005
300 _av. ;
_c23 cm.
505 _aVol. 1.--
650 _aاللغة العربية النحو.
_9246642
650 _aArabic language
_vGrammar
_9247516
650 _aArabic language
_vSyntax
_9247517
650 _aArabic language
_vInflection
_9247518
700 _aAbd al-Ḥamīd, Muḥammad Muḥyī al-Dīn
_9247526
942 _2ddc
_cBK
999 _c78314
_d78314